LDR 01006naa#a2200169#i#450# 001 RU\\bibl\118347 005 20260515085801.5 011 ## _a2224-6789 100 ## _a20260401b2026####ek#y0rusy0150####ca 102 ## _aRU 200 1# _aСОДЕРЖАНИЕ И ФОРМЫ РЕАЛИЗАЦИИ МЕЖДУНАРОДНЫХ ОБРАЗОВАТЕЛЬНЫХ ПРОГРАММ В ТУРИСТСКОМ ВУЗЕ _eЖурнальная статья 210 1# _aМосква _cНегосударственное образовательное учреждение высшего профессионального образования Российская международная академия туризма _d2026 215 ## _a4 с. 608 ## _aЖурнальная статья _2local 675 ## _aОрганизация высшего образования. Организация работы высшего учебного заведения. 378.1 _z 700 #1 _aЛарионов _gГ. С. 856 4# _avestnik-rmat.editorum.ru _u